XXV Concurs Nacional de Fotografia : ciutat de Viladecans 2004 ciutat de Viladecans 2004
Descripción Física:
20 p. : il. col. ; 21 cm
Materias:
Fotografia -- Premis
MARC
| LEADER | 00000nam a2200000Ia 4500 | ||
|---|---|---|---|
| 001 | 22016 | ||
| 008 | 160829s2004 xx 000 0 cat d | ||
| 080 | |a FU-49-50 | ||
| 245 | |a XXV Concurs Nacional de Fotografia : |b ciutat de Viladecans 2004 | ||
| 260 | |a Viladecans : |b Ajuntament de Viladecans, Diputació de Barcelona, |c 2004 | ||
| 300 | |a 20 p. : |b il. col. ; |c 21 cm | ||
| 590 | |a Catàleg de l'exposició fotogràfica celebrada entre el 22 de maig i el 10 de juny de 2004. | ||
| 590 | |a Inclou les bases del concurs. | ||
| 650 | |a Fotografia |x Premis |9 42950 | ||
| 710 | 1 | |a Barcelona (Catalunya : Província). |b Diputació |9 52408 | |
| 710 | 1 | |a Viladecans (Catalunya). |b Ajuntament |9 54292 | |
| 901 | |a Arxiu | ||
| 942 | |n 1 | ||
| 952 | |0 0 |1 0 |4 0 |6 FU4950 |7 1 |9 51258 |a Arxiu |b Arxiu |d 2016-12-01 |l 0 |o FU-49-50 |p 22016 |r 2016-12-01 00:00:00 |w 2016-12-01 |y ARXIU | ||
| 999 | |c 55101 |d 55101 | ||